Southville International School and Colleges
Your cart is empty.
  • Cart
  • Lists
    Public lists Eva Luna New books Lux_list list_1
    Your lists Log in to create your own lists
  • Log in to your account
  • Your cookies
  • Search history
Southville International School and Colleges
  • Advanced search
  • Recent comments
  • Most popular
  • Libraries

Log in to your account

Log in with GOOGLE


If you do not have an external account, but do have a local account, you can still log in:

  1. Home
  2. MARC view: A year down yonder /
Normal view MARC view ISBD view

A year down yonder / (Record no. 47386)

[ view plain ]
MARC details
000 -LEADER
fixed length control field 01389cam a2200373 a 4500
001 - CONTROL NUMBER
control field 11761988
003 - CONTROL NUMBER IDENTIFIER
control field OSt
005 - DATE AND TIME OF LATEST TRANSACTION
control field 20140404083505.0
008 - FIXED-LENGTH DATA ELEMENTS--GENERAL INFORMATION
fixed length control field 990729s2000 nyu c 000 1 eng
010 ## - LIBRARY OF CONGRESS CONTROL NUMBER
LC control number 99043159
020 ## - INTERNATIONAL STANDARD BOOK NUMBER
International Standard Book Number 9780803725188
035 ## - SYSTEM CONTROL NUMBER
System control number (DLC) 99043159
040 ## - CATALOGING SOURCE
Original cataloging agency DLC
Transcribing agency DLC
Modifying agency DLC
042 ## - AUTHENTICATION CODE
Authentication code lcac
050 00 - LIBRARY OF CONGRESS CALL NUMBER
Classification number PZ 7
Item number .P338Yh 2002
100 1# - MAIN ENTRY--PERSONAL NAME
Personal name Peck, Richard,
Dates associated with a name 1934-
9 (RLIN) 21741
245 12 - TITLE STATEMENT
Title A year down yonder /
Statement of responsibility, etc Richard Peck.
260 ## - PUBLICATION, DISTRIBUTION, ETC. (IMPRINT)
Place of publication, distribution, etc New York :
Name of publisher, distributor, etc Dial Books for Young Readers,
Date of publication, distribution, etc c2004.
300 ## - PHYSICAL DESCRIPTION
Extent 130 p. :
Dimensions 22 cm.
520 ## - SUMMARY, ETC.
Summary, etc During the recession of 1937, fifteen year-old Mary Alice is sent to live with her feisty, lager-than-life grandmother in rural illinois and comes to a better understanding of this fearsome woman.
521 ## - TARGET AUDIENCE NOTE
Target audience note
526 ## - STUDY PROGRAM INFORMATION NOTE
Reading level 610
562 ## - COPY AND VERSION IDENTIFICATION NOTE
Number of copies 1
586 ## - AWARDS NOTE
Awards note Newbery Medal, 2001
650 ## - SUBJECT ADDED ENTRY--TOPICAL TERM
Topical term or geographic name as entry element Grandmothers
General subdivision Fiction.
9 (RLIN) 21742
650 ## - SUBJECT ADDED ENTRY--TOPICAL TERM
Topical term or geographic name as entry element Contry life
General subdivision Illinois
-- Fiction.
9 (RLIN) 21743
650 ## - SUBJECT ADDED ENTRY--TOPICAL TERM
Topical term or geographic name as entry element Illinois
General subdivision Fiction.
9 (RLIN) 21744
856 42 - ELECTRONIC LOCATION AND ACCESS
Materials specified Publisher description
Uniform Resource Identifier <a href="http://www.loc.gov/catdir/enhancements/fy1207/99043159-d.html">http://www.loc.gov/catdir/enhancements/fy1207/99043159-d.html</a>
906 ## - LOCAL DATA ELEMENT F, LDF (RLIN)
a 7
b cbc
c orignew
d 1
e ocip
f 19
g y-gencatlg
942 ## - ADDED ENTRY ELEMENTS (KOHA)
Source of classification or shelving scheme Library of Congress Classification
Koha item type Books
Holdings
Withdrawn status Lost status Source of classification or shelving scheme Damaged status Home library Current library Shelving location Date acquired Total Checkouts Full call number Barcode Date last seen Copy number Price effective from Koha item type
    Library of Congress Classification   Munich Library Munich Library Scholastic Reading Center Section 03/14/2014   PZ 7 .P338Yh 2002 MS0907 03/14/2014 1 03/14/2014 Books

A year down yonder /

APA

Peck R., . (2004). A year down yonder. New York: Dial Books for Young Readers.

Chicago

Peck Richard, . 2004. A year down yonder. New York: Dial Books for Young Readers.

Harvard

Peck R., . (2004). A year down yonder. New York: Dial Books for Young Readers.

MLA

Peck Richard, . A year down yonder. New York: Dial Books for Young Readers. 2004.

  • Place hold
  • Print
  • Cite
  • Add to your cart (remove)
  • Save record
    BIBTEX Dublin Core MARCXML MARC (non-Unicode/MARC-8) MARC (Unicode/UTF-8) MARC (Unicode/UTF-8, Standard) MODS (XML) RIS
  • More searches
    Search for this title in:
    Other Libraries (WorldCat) Other Databases (Google Scholar) Online Stores (Bookfinder.com) Open Library (openlibrary.org)

Exporting to Dublin Core...

SOUTHVILLE LIBRARY

Southville International School and Colleges Library

1281 Tropical Ave. Cor. Luxembourg St., BF Homes International, Las Pinas City

Tel. No. 8256374 / 252358 Loc. 117/146

Powered by Koha